[Event "Online Olym Top DivB 2021"]
[Site "chess.com INT"]
[Date "2021.09.09"]
[Round "6.2"]
[Board "5"]
[White "Seo, Jung Min"]
[Black "Wafa, Hamed"]
[Result "1/2-1/2"]
[WhiteTitle "IM"]
[WhiteElo "2469"]
[BlackElo "2024"]
[WhiteTeam "Sweden"]
[BlackTeam "Egypt"]
[WhiteFideId "1734687"]
[BlackFideId "10628452"]
[EventDate "2021.09.08"]
[EventType "team"]

1. e4 e5 2. Nf3 Nc6 3. Bb5 a6 4. Ba4 Nf6 5. O-O Be7 6. Re1 b5 7. Bb3 O-O 8. a4
Bb7 9. d3 d6 10. Nc3 b4 11. Nd5 Nxd5 12. Bxd5 Na5 13. Bxb7 Nxb7 14. d4 Bf6 15.
c3 exd4 16. cxd4 c5 17. Be3 Re8 18. Qd3 cxd4 19. Bxd4 Nc5 20. Qc2 Rc8 21. Rac1
Ne6 22. Qxc8 Qxc8 23. Rxc8 Rxc8 24. Bxf6 gxf6 25. h3 Rc2 26. b3 Rb2 27. Re3 Kf8
28. Kf1 Nf4 29. Kg1 Ne2+ 30. Kf1 Nc3 31. Nd4 Rb1+ 32. Re1 Rxe1+ 33. Kxe1 Nxe4
34. Nc6 Nc5 35. Nxb4 a5 36. Nd5 Nxb3 37. Nxf6 1/2-1/2

[Event "Online Olym Top DivB 2021"]
[Site "chess.com INT"]
[Date "2021.09.09"]
[Round "6.3"]
[Board "1"]
[White "Zeng, Chongsheng"]
[Black "Lenic, Luka"]
[Result "0-1"]
[WhiteTitle "GM"]
[BlackTitle "GM"]
[WhiteElo "2597"]
[BlackElo "2627"]
[WhiteTeam "Shenzhen China"]
[BlackTeam "Slovenia"]
[WhiteFideId "8603847"]
[BlackFideId "14603853"]
[EventDate "2021.09.08"]
[EventType "team"]

1. e4 c5 2. Nf3 Nc6 3. d4 cxd4 4. Nxd4 Nf6 5. Nc3 e5 6. Ndb5 d6 7. Bg5 a6 8.
Bxf6 gxf6 9. Na3 b5 10. Nd5 f5 11. c3 Bg7 12. exf5 Bxf5 13. Nc2 O-O 14. Nce3 Be6
15. Qh5 f5 16. Bd3 e4 17. Bc2 Ne7 18. Rd1 b4 19. cxb4 Rc8 20. Bb3 Ng6 21. O-O
Kh8 22. f4 exf3 23. Qxf3 f4 24. Nc4 Qg5 25. Nxd6 Bg4 26. Qf2 Bxd1 27. Rxd1 Rcd8
28. Nc3 Ne5 29. Nce4 Qg6 30. Kh1 Rd7 31. Rd5 f3 32. gxf3 Rxf3 33. Qg2 Rf8 34.
Qxg6 Nxg6 35. Rd2 Be5 36. a4 Nh4 37. Bc4 Nf3 38. Rd1 Bxd6 39. Nxd6 Ne5 40. Re1
Rxd6 41. Rxe5 Rf2 42. Re8+ Kg7 43. Re7+ Kh6 44. Re6+ Rxe6 45. Bxe6 Rxb2 46. Bc8
Rxb4 47. Bxa6 Rxa4 48. Bd3 Ra2 49. Kg1 Kg7 50. Be4 h6 51. Bf3 Kf6 52. Bh5 Kg5
53. Be8 Rc2 54. Bf7 Rd2 55. Be8 Kg4 56. Bb5 h5 57. Ba6 h4 58. Bc8+ Kf4 59. Bb7
Rc2 60. Bd5 Rb2 61. Bc6 h3 62. Bd7 Rb1+ 63. Kf2 Rb2+ 64. Kg1 Rb3 65. Kf2 Rc3 0-1

[Event "Online Olym Top DivB 2021"]
[Site "chess.com INT"]
[Date "2021.09.09"]
[Round "6.3"]
[Board "2"]
[White "Borisek, Jure"]
[Black "Yu, Ruiyuan"]
[Result "1/2-1/2"]
[WhiteTitle "GM"]
[BlackTitle "GM"]
[WhiteElo "2591"]
[BlackElo "2497"]
[WhiteTeam "Slovenia"]
[BlackTeam "Shenzhen China"]
[WhiteFideId "14603152"]
[BlackFideId "8603090"]
[EventDate "2021.09.08"]
[EventType "team"]

1. e4 c6 2. d4 d5 3. e5 Bf5 4. Nf3 e6 5. Be2 c5 6. O-O Nc6 7. c3 cxd4 8. cxd4
Nge7 9. Nc3 Bg4 10. Be3 Nf5 11. h3 Bxf3 12. Bxf3 Be7 13. Bg4 Nxe3 14. fxe3 O-O
15. Kh1 Bg5 16. Qe2 Qe7 17. Rad1 Rad8 18. Qf2 f6 19. exf6 Rxf6 20. Qe2 Rdf8 21.
Rxf6 Qxf6 22. Bf3 Bh4 23. Qd3 Nb4 1/2-1/2

[Event "Online Olym Top DivB 2021"]
[Site "chess.com INT"]
[Date "2021.09.09"]
[Round "6.3"]
[Board "3"]
[White "Zhao, Xue"]
[Black "Vidic, Teja"]
[Result "1-0"]
[WhiteTitle "GM"]
[BlackTitle "WIM"]
[WhiteElo "2486"]
[BlackElo "2172"]
[WhiteTeam "Shenzhen China"]
[BlackTeam "Slovenia"]
[WhiteFideId "8601283"]
[BlackFideId "14605511"]
[EventDate "2021.09.08"]
[EventType "team"]

1. e4 e5 2. Nf3 Nc6 3. Bc4 Nf6 4. d3 Bc5 5. c3 d6 6. Nbd2 a6 7. a4 Ba7 8. a5 O-O
9. O-O h6 10. h3 Re8 11. Re1 Be6 12. Qb3 Rb8 13. Bxe6 Rxe6 14. Nc4 d5 15. exd5
Qxd5 16. Be3 Bxe3 17. Rxe3 e4 18. dxe4 Rxe4 19. Rxe4 Nxe4 20. Ncd2 Qxb3 21. Nxb3
Rd8 22. Re1 f5 23. Nfd4 Nxd4 24. Nxd4 Rd5 25. f3 Nf6 26. Re7 c5 27. Ne6 Rd7 28.
Rxd7 Nxd7 29. Nd8 b6 30. axb6 Nxb6 31. Ne6 Na4 32. b3 Nxc3 33. Nxc5 a5 34. Kf2
Kf7 35. Ke3 Nd5+ 36. Kd4 Nf4 37. Ke5 Nxg2 38. Kxf5 g5 39. Nb7 Nf4 40. h4 Ne2 41.
Nd8+ Ke8 42. hxg5 hxg5 43. Nc6 Kd7 44. Nxa5 Kd6 45. Kxg5 Kc5 46. Nc4 Nd4 47. Nd2
Kd6 48. f4 Ke6 49. b4 Nf3+ 50. Nxf3 1-0

[Event "Online Olym Top DivB 2021"]
[Site "chess.com INT"]
[Date "2021.09.09"]
[Round "6.3"]
[Board "4"]
[White "Rozman, Monika"]
[Black "Xu, Tong"]
[Result "1-0"]
[WhiteTitle "WFM"]
[BlackTitle "WIM"]
[WhiteElo "2188"]
[BlackElo "2111"]
[WhiteTeam "Slovenia"]
[BlackTeam "Shenzhen China"]
[WhiteFideId "14609118"]
[BlackFideId "8601739"]
[EventDate "2021.09.08"]
[EventType "team"]

1. e4 c5 2. Nf3 Nc6 3. d4 cxd4 4. Nxd4 g6 5. c4 Bg7 6. Be3 Nf6 7. Nc3 d6 8. Be2
O-O 9. O-O a6 10. Rc1 Bd7 11. f3 Qa5 12. Qd2 Rfc8 13. Rfd1 Nxd4 14. Bxd4 Be6 15.
b3 Nd7 16. Bxg7 Kxg7 17. Bf1 Kg8 18. Rc2 Rab8 19. Ne2 Qc5+ 20. Nd4 Nf6 21. Kh1
Bd7 22. Rdc1 Qh5 23. Ne2 b5 24. Ng3 Qe5 25. f4 Qe6 26. Qd4 Qg4 27. Qe3 Qh4 28.
Be2 bxc4 29. Rxc4 Rxc4 30. Rxc4 Bb5 31. Rc7 Bxe2 32. Qxe2 Qxf4 33. Rxe7 Rc8 34.
Nf1 Rc1 35. Kg1 h5 36. g3 Qg5 37. Qf2 Kg7 38. Kg2 Qc5 39. Qxc5 Rxc5 40. Ne3 Ra5
41. a4 Rc5 42. Nc4 d5 43. exd5 Nxd5 44. Ra7 Nb4 45. Nd6 Kf6 46. h4 Rc2+ 47. Kh3
Nd5 48. Rxa6 1-0

[Event "Online Olym Top DivB 2021"]
[Site "chess.com INT"]
[Date "2021.09.09"]
[Round "6.3"]
[Board "5"]
[White "Xue, Haowen"]
[Black "Subelj, Jan"]
[Result "1-0"]
[BlackTitle "IM"]
[WhiteElo "2128"]
[BlackElo "2415"]
[WhiteTeam "Shenzhen China"]
[BlackTeam "Slovenia"]
[WhiteFideId "8625492"]
[BlackFideId "14618583"]
[EventDate "2021.09.08"]
[EventType "team"]

1. d4 Nf6 2. c4 e6 3. g3 d5 4. Nf3 dxc4 5. Bg2 a6 6. O-O Nc6 7. e3 Rb8 8. Qe2 b5
9. b3 cxb3 10. axb3 Bb7 11. Bd2 Be7 12. Rc1 O-O 13. Ne1 Nd5 14. Nd3 Ncb4 15. Nc5
Bxc5 16. Rxc5 f5 17. Bxb4 Nxb4 18. Bxb7 Rxb7 19. Qd2 Nd5 20. Rxa6 Qd7 21. Nc3
Nf6 22. b4 Rb6 23. Ra5 c6 24. Qa2 Re8 25. Rxf5 Qe7 26. Re5 Nd7 27. Ra7 Rbb8 28.
Ne4 Rbd8 29. Nc5 Qf7 30. Rxe6 Rxe6 31. Qxe6 Qxe6 32. Nxe6 Re8 33. Nxg7 Kxg7 34.
Rxd7+ Kg8 35. Rc7 Ra8 36. Rxc6 Ra4 37. Rc7 Rxb4 38. Rb7 Rb2 39. Kg2 h5 40. d5
Kf8 41. e4 h4 42. gxh4 b4 43. d6 Ke8 44. h5 Rd2 45. e5 Rd4 46. h6 Rg4+ 47. Kf3
Rh4 48. e6 Rxh6 49. Rb8# 1-0

[Event "Online Olym Top DivB 2021"]
[Site "chess.com INT"]
[Date "2021.09.09"]
[Round "6.3"]
[Board "6"]
[White "Urh, Zala"]
[Black "Li, Xinyu"]
[Result "1-0"]
[WhiteTitle "WIM"]
[BlackTitle "WFM"]
[WhiteElo "2234"]
[BlackElo "2167"]
[WhiteTeam "Slovenia"]
[BlackTeam "Shenzhen China"]
[WhiteFideId "14611481"]
[BlackFideId "8610401"]
[EventDate "2021.09.08"]
[EventType "team"]

1. d4 d5 2. c4 e6 3. Nc3 a6 4. e4 dxe4 5. Nxe4 Bb4+ 6. Nc3 Nf6 7. a3 Bxc3+ 8.
bxc3 h6 9. Bd3 c5 10. Nf3 Nc6 11. Be3 Qa5 12. Qd2 O-O 13. O-O Rd8 14. Rfd1 Ng4
15. h3 Nxe3 16. fxe3 Qc7 17. Qf2 Na5 18. Ne5 b6 19. Rf1 Rf8 20. Qh4 Bb7 21. Rf4
Qd8 22. Qf2 Qc7 23. Rf1 f6 24. Ng6 Rf7 25. Qh4 cxd4 26. exd4 Nxc4 27. Re1 Bd5
28. Rg4 Nb2 29. Bb1 Qxc3 30. Rf1 Qe3+ 31. Kh1 Rc8 32. Rg3 Qe2 33. Rg1 b5 34. Nf4
Qd2 35. Qxh6 Rc1 36. Bh7+ Kf8 37. Ng6+ Ke8 38. Qxd2 Rxg1+ 39. Kxg1 Nc4 40. Qb4
Kd7 41. Qc5 1-0

[Event "Online Olym Top DivB 2021"]
[Site "chess.com INT"]
[Date "2021.09.09"]
[Round "6.4"]
[Board "1"]
[White "Mamedyarov, Shakhriyar"]
[Black "Bologan, Victor"]
[Result "1-0"]
[WhiteTitle "GM"]
[BlackTitle "GM"]
[WhiteElo "2762"]
[BlackElo "2574"]
[WhiteTeam "Azerbaijan"]
[BlackTeam "Moldova"]
[WhiteFideId "13401319"]
[BlackFideId "13900048"]
[EventDate "2021.09.08"]
[EventType "team"]

1. d4 Nf6 2. Nf3 g6 3. Bg5 Bg7 4. Nbd2 d6 5. e4 O-O 6. c3 Nbd7 7. e5 dxe5 8.
dxe5 Nd5 9. Bc4 N7b6 10. Bb3 h6 11. Bh4 c5 12. Bg3 Bf5 13. Qe2 c4 14. Bxc4 Nxc4
15. Qxc4 Rc8 16. Qd4 Qa5 17. O-O Rfd8 18. Nb3 Qa6 19. Qh4 g5 20. Qh5 Bg6 21. Qg4
Qe2 22. Rad1 Nxc3 23. Rxd8+ Rxd8 24. bxc3 Rd1 25. Nbd2 Bd3 26. h4 Rxf1+ 27. Nxf1
Qxf1+ 28. Kh2 e6 29. hxg5 Bf5 30. Qd4 Qd3 31. Qxa7 Be4 32. Qb8+ Kh7 33. gxh6
Bxh6 34. Qc7 Kg7 35. Nd4 Bd5 36. Qe7 Qd2 37. Qf6+ Kg8 38. Qd8+ Kh7 39. Qe7 Kg8
40. Qd8+ Kh7 41. Qh4 Kg6 42. Qg4+ Kh7 43. Qh5 Kg8 44. Nf3 Qc1 45. Qg4+ Kh7 46.
Qh5 Kg8 47. Qg4+ Kh7 48. a4 Qxc3 49. Qh5 Kg7 50. Bh4 Bf4+ 51. g3 Qxf3 52. Bf6+
Kf8 53. Qh8# 1-0

[Event "Online Olym Top DivB 2021"]
[Site "chess.com INT"]
[Date "2021.09.09"]
[Round "6.4"]
[Board "3"]
[White "Mammadova, Gulnar"]
[Black "Gitu, Paula-Alexandra"]
[Result "1-0"]
[WhiteTitle "IM"]
[BlackTitle "WFM"]
[WhiteElo "2395"]
[BlackElo "2113"]
[WhiteTeam "Azerbaijan"]
[BlackTeam "Moldova"]
[WhiteFideId "13403508"]
[BlackFideId "13904620"]
[EventDate "2021.09.08"]
[EventType "team"]

1. e4 d6 2. d4 Nf6 3. Nc3 e5 4. Nf3 Nbd7 5. Bc4 Be7 6. a4 O-O 7. O-O c6 8. Ba2
b6 9. Re1 Bb7 10. Nh4 exd4 11. Qxd4 c5 12. Qd1 Nxe4 13. Nf5 Nxc3 14. Nxe7+ Qxe7
15. Rxe7 Nxd1 16. Rxd7 Bc6 17. Rxd6 Bxa4 18. Rxd1 Bxc2 19. Rd7 Bf5 20. Rc7 Rad8
21. Bg5 Rd4 22. Be7 Rb8 23. Bg5 Rf8 24. Rxa7 h6 25. Be7 Rb8 26. Bxf7+ Kh7 27.
Bh5 Rd7 28. Rxd7 Bxd7 29. Ra7 1-0

[Event "Online Olym Top DivB 2021"]
[Site "chess.com INT"]
[Date "2021.09.09"]
[Round "6.4"]
[Board "4"]
[White "Petricenco, Ana"]
[Black "Mamedjarova, Turkan"]
[Result "0-1"]
[BlackTitle "WGM"]
[WhiteElo "1910"]
[BlackElo "2264"]
[WhiteTeam "Moldova"]
[BlackTeam "Azerbaijan"]
[WhiteFideId "13908596"]
[BlackFideId "13402005"]
[EventDate "2021.09.08"]
[EventType "team"]

1. e4 e5 2. Nf3 Nc6 3. Bc4 Nf6 4. d3 h6 5. O-O d6 6. c3 a6 7. Bb3 g5 8. h3 Bg7
9. Re1 O-O 10. Nbd2 g4 11. hxg4 Nxg4 12. Nf1 Kh8 13. Ng3 Qf6 14. a3 Ne7 15. Ba2
Ng6 16. Nh5 Qe7 17. Nxg7 Kxg7 18. d4 f5 19. exf5 Bxf5 20. dxe5 dxe5 21. b4 Rad8
22. Qb3 Nh4 23. Nd4 Qf6 24. Nxf5+ Qxf5 25. Rf1 Nxf2 26. Be3 Qe4 27. Rxf2 Rxf2
28. Kxf2 Qxg2+ 29. Ke1 Nf3# 0-1

[Event "Online Olym Top DivB 2021"]
[Site "chess.com INT"]
[Date "2021.09.09"]
[Round "6.4"]
[Board "5"]
[White "Asadli, Vugar"]
[Black "Lashkin, Jegor"]
[Result "1-0"]
[WhiteTitle "GM"]
[BlackTitle "FM"]
[WhiteElo "2578"]
[BlackElo "2386"]
[WhiteTeam "Azerbaijan"]
[BlackTeam "Moldova"]
[WhiteFideId "13405764"]
[BlackFideId "13907808"]
[EventDate "2021.09.08"]
[EventType "team"]

1. e4 c5 2. Nc3 d6 3. Bb5+ Bd7 4. Bxd7+ Qxd7 5. d4 cxd4 6. Qxd4 Nc6 7. Qd3 g6 8.
Nf3 Bg7 9. O-O Nf6 10. Bg5 h6 11. Bh4 g5 12. Bg3 Nh5 13. Rad1 O-O 14. Rfe1 Nxg3
15. hxg3 Qd8 16. Nd5 Rc8 17. c3 e6 18. Ne3 Qa5 19. a3 Rfd8 20. Rd2 Qc5 21. Red1
b5 22. Nd4 a6 23. Qe2 Ne7 24. Qh5 Kf8 25. Ng4 Ng8 26. Rd3 Qc7 27. Nxe6+ 1-0

[Event "Online Olym Top DivB 2021"]
[Site "chess.com INT"]
[Date "2021.09.09"]
[Round "6.4"]
[Board "6"]
[White "Mihailova, Alina"]
[Black "Balajayeva, Khanim"]
[Result "1/2-1/2"]
[BlackTitle "WGM"]
[WhiteElo "1884"]
[BlackElo "2369"]
[WhiteTeam "Moldova"]
[BlackTeam "Azerbaijan"]
[WhiteFideId "13907018"]
[BlackFideId "13406396"]
[EventDate "2021.09.08"]
[EventType "team"]

1. d4 d5 2. c4 dxc4 3. Nf3 Nf6 4. e3 e6 5. Bxc4 a6 6. O-O b5 7. Bd3 Bb7 8. Nc3
Nbd7 9. Qe2 c5 10. Rd1 Qb8 11. e4 cxd4 12. Nxd4 Bd6 13. g3 O-O 14. f4 Bc5 15.
Be3 Qa7 16. Nc2 b4 17. Na4 Bxe3+ 18. Qxe3 Nxe4 19. Qxa7 Rxa7 20. Nxb4 a5 21. Nc2
Bc6 22. Bxe4 Bxe4 23. Nd4 Rb7 24. Rac1 h6 25. Rd2 Kh7 26. Nb3 Ra8 27. Nac5 Nxc5
28. Nxc5 Rc7 29. Rc3 Bd5 30. a3 Rb8 31. f5 Rb5 32. Na4 Rcb7 33. fxe6 fxe6 34.
Rc5 Rxc5 35. Nxc5 Rc7 36. Nd3 Be4 37. Nf4 e5 38. Ne6 Rc6 39. Nd8 Rf6 40. h4 g5
41. hxg5 hxg5 42. Rf2 Rd6 43. Nf7 Rd1+ 44. Rf1 Rd4 45. Nxg5+ Kg6 46. Nxe4 Rxe4
47. Rf2 Kg5 48. Kg2 Kg4 49. Rc2 Re3 50. Rc4+ e4 51. Kf2 Rf3+ 52. Ke2 Kxg3 53.
Rxe4 Rf2+ 54. Kd3 Rxb2 55. Ra4 Rb5 56. Kc4 Re5 1/2-1/2

[Event "Online Olym Top DivB 2021"]
[Site "chess.com INT"]
[Date "2021.09.09"]
[Round "6.5"]
[Board "1"]
[White "Aleksandrov, Aleksej"]
[Black "Anand, Viswanathan"]
[Result "0-1"]
[WhiteTitle "GM"]
[BlackTitle "GM"]
[WhiteElo "2525"]
[BlackElo "2753"]
[WhiteTeam "Belarus"]
[BlackTeam "India"]
[WhiteFideId "13500139"]
[BlackFideId "5000017"]
[EventDate "2021.09.08"]
[EventType "team"]

1. d4 Nf6 2. c4 e6 3. Nc3 Bb4 4. e3 O-O 5. Bd3 d5 6. Nf3 c5 7. O-O dxc4 8. Bxc4
cxd4 9. exd4 b6 10. Bg5 Bb7 11. Ne5 h6 12. Bh4 Nbd7 13. Bd3 Nxe5 14. dxe5 Bxc3
15. Bxf6 gxf6 16. Qg4+ Kh8 17. Qh3 Bd2 18. f4 Qd4+ 19. Rf2 Bxf4 20. Qh4 Be3 21.
Qxf6+ Kg8 22. Rd1 Bxf2+ 23. Kh1 0-1

[Event "Online Olym Top DivB 2021"]
[Site "chess.com INT"]
[Date "2021.09.09"]
[Round "6.5"]
[Board "2"]
[White "Vidit, Santosh Gujrathi"]
[Black "Fedorov, Alexei"]
[Result "1/2-1/2"]
[WhiteTitle "GM"]
[BlackTitle "GM"]
[WhiteElo "2727"]
[BlackElo "2532"]
[WhiteTeam "India"]
[BlackTeam "Belarus"]
[WhiteFideId "5029465"]
[BlackFideId "13500465"]
[EventDate "2021.09.08"]
[EventType "team"]

1. d4 Nf6 2. c4 g6 3. g3 Bg7 4. Bg2 O-O 5. Nc3 d6 6. Nf3 Nc6 7. O-O Bf5 8. d5
Na5 9. b3 Ne4 10. Nxe4 Bxe4 11. Be3 c5 12. Rc1 a6 13. Bh3 Bxf3 14. exf3 b5 15.
Re1 Rb8 16. Bd2 Qc7 17. Re4 bxc4 18. Qe1 Nxb3 19. axb3 cxb3 20. Rxe7 Qb6 21. Bc3
Bxc3 22. Qxc3 b2 23. Rb1 Qb3 24. Qxb3 Rxb3 25. Bf1 a5 26. Ra7 Rfb8 27. Rxa5 Rc3
28. Ra2 Rc2 29. Kg2 c4 30. Bxc4 Rxc4 31. Raxb2 Rxb2 32. Rxb2 Rd4 33. Rb5 g5 34.
Kf1 Kg7 35. Ke2 Kf6 36. Ke3 Rd1 37. h3 h6 38. f4 Kf5 39. fxg5 hxg5 40. Ke2 Rd4
41. Kf3 Ke5 42. Rb7 Kf6 43. Rb5 Ke5 44. Ke3 f5 45. Ra5 f4+ 46. Kf3 fxg3 47. fxg3
g4+ 48. hxg4 Rd3+ 49. Kf2 Rxd5 50. Ra3 Kf6 51. Kf3 Rd1 52. Ra5 Rd3+ 53. Kf4 Rd4+
54. Kf3 Rd3+ 55. Kg2 d5 56. Kh3 Rd1 57. Kg2 Kg5 58. Kf3 Rd3+ 59. Ke2 Rxg3 60.
Rxd5+ Kxg4 61. Rd3 Rxd3 62. Kxd3 1/2-1/2

[Event "Online Olym Top DivB 2021"]
[Site "chess.com INT"]
[Date "2021.09.09"]
[Round "6.5"]
[Board "3"]
[White "Tarasenka, Aliaksandra"]
[Black "Tania, Sachdev"]
[Result "1/2-1/2"]
[WhiteTitle "WFM"]
[BlackTitle "IM"]
[WhiteElo "2124"]
[BlackElo "2392"]
[WhiteTeam "Belarus"]
[BlackTeam "India"]
[WhiteFideId "13514288"]
[BlackFideId "5007844"]
[EventDate "2021.09.08"]
[EventType "team"]

1. d4 Nf6 2. c4 e6 3. Nc3 Bb4 4. Nf3 b6 5. e3 Bb7 6. Bd3 Ne4 7. Qc2 f5 8. O-O
Nxc3 9. bxc3 Bxf3 10. gxf3 Bd6 11. e4 Qh4 12. e5 Be7 13. Kh1 Bg5 14. Rg1 Bxc1
15. Raxc1 O-O 16. Qd2 Nc6 17. Qg5 Qxg5 18. Rxg5 Rac8 19. f4 Ne7 20. Rcg1 Ng6 21.
R1g3 Rf7 22. Rf3 Nh4 23. Rh3 Ng6 24. Rf3 Nh4 25. Rh3 Ng6 26. Rf3 1/2-1/2

[Event "Online Olym Top DivB 2021"]
[Site "chess.com INT"]
[Date "2021.09.09"]
[Round "6.5"]
[Board "4"]
[White "Kulkarni, Bhakti"]
[Black "Norman, Kseniya"]
[Result "1-0"]
[WhiteTitle "IM"]
[WhiteElo "2388"]
[BlackElo "1842"]
[WhiteTeam "India"]
[BlackTeam "Belarus"]
[WhiteFideId "5019516"]
[BlackFideId "13518780"]
[EventDate "2021.09.08"]
[EventType "team"]

1. d4 Nf6 2. Bg5 d6 3. Bxf6 exf6 4. g3 Be7 5. Bg2 O-O 6. e3 Nd7 7. Ne2 c6 8. c4
f5 9. O-O Nf6 10. Nbc3 Re8 11. b4 d5 12. cxd5 cxd5 13. Qb3 Be6 14. Nf4 Bf8 15.
Ncxd5 Ne4 16. Rfc1 Rc8 17. Nxe6 Rxe6 18. b5 g5 19. a4 Bg7 20. Rxc8 Qxc8 21. Qa2
Kh8 22. Qb2 Qd8 23. Rc1 h5 24. Nc3 Nd6 25. Qc2 Rg6 26. Nd5 Qa5 27. Ne7 Rf6 28.
h3 Qd8 29. Qc7 Qe8 30. Nc8 Ne4 31. Qxb7 Kh7 32. Nxa7 Nd6 33. Qd5 f4 34. e4 f3
35. e5 Rf5 36. Bxf3 f6 37. Be4 Nxe4 38. Qxe4 Qg6 39. e6 g4 40. h4 Bh6 41. Rc7+
Kh8 42. Qa8+ Qg8 43. Rc8 1-0

[Event "Online Olym Top DivB 2021"]
[Site "chess.com INT"]
[Date "2021.09.09"]
[Round "6.5"]
[Board "5"]
[White "Lazavik, Denis"]
[Black "Praggnanandhaa, R"]
[Result "1-0"]
[WhiteTitle "IM"]
[BlackTitle "GM"]
[WhiteElo "2440"]
[BlackElo "2617"]
[WhiteTeam "Belarus"]
[BlackTeam "India"]
[WhiteFideId "13515110"]
[BlackFideId "25059530"]
[EventDate "2021.09.08"]
[EventType "team"]

1. d4 Nf6 2. c4 g6 3. g3 c5 4. Nf3 cxd4 5. Nxd4 h5 6. Nf3 Bg7 7. Bg2 O-O 8. O-O
d5 9. cxd5 Nxd5 10. a3 Nc6 11. Qc2 Bg4 12. Rd1 Qa5 13. Bd2 Qa6 14. Nc3 Nxc3 15.
Bxc3 Bxc3 16. Qxc3 Qxe2 17. Re1 Qa6 18. Ne5 Nxe5 19. Rxe5 Qd6 20. Rae1 Be6 21.
Qe3 Rfd8 22. Qg5 Kg7 23. Bxb7 Rab8 24. Be4 Bh3 25. Rxe7 Rxb2 26. Bxg6 Qxg6 27.
Rxf7+ Kxf7 28. Qe7+ Kg8 29. Qxd8+ Kg7 30. Re7+ Kh6 31. Qh8+ Kg5 32. Qxb2 Qc6 33.
Qe5+ Kg4 1-0

[Event "Online Olym Top DivB 2021"]
[Site "chess.com INT"]
[Date "2021.09.09"]
[Round "6.5"]
[Board "6"]
[White "Vaishali, R"]
[Black "Zeliantsova, Kseniya"]
[Result "1/2-1/2"]
[WhiteTitle "WGM"]
[BlackTitle "WFM"]
[WhiteElo "2414"]
[BlackElo "2056"]
[WhiteTeam "India"]
[BlackTeam "Belarus"]
[WhiteFideId "5091756"]
[BlackFideId "13512617"]
[EventDate "2021.09.08"]
[EventType "team"]

1. Nf3 Nf6 2. g3 g6 3. Bg2 Bg7 4. O-O O-O 5. d4 d6 6. Nc3 Nbd7 7. a4 e5 8. e4
Re8 9. a5 exd4 10. Nxd4 Nc5 11. Re1 a6 12. h3 h6 13. Bf4 Ne6 14. Nxe6 Bxe6 15.
Qd2 Kh7 16. Kh2 Nd7 17. Rad1 g5 18. Be3 Ne5 19. b3 g4 20. Bd4 gxh3 21. Bxe5 Bxe5
22. Bf1 Qf6 23. Nd5 Bxd5 24. exd5 Bc3 25. Qd3+ Kg7 26. Re2 Rxe2 27. Qxe2 Kf8 28.
f4 Re8 29. Qd3 Bxa5 30. Bxh3 Qc3 31. Qxc3 Bxc3 32. Bg4 Kg7 33. Kg2 Kg6 34. Kf2
Bb4 35. Bf3 Bc5+ 36. Kg2 Re3 37. Rd3 Re1 38. Rd1 Re3 39. Rd3 Re8 40. Rd1 a5 41.
Rd3 b5 42. g4 a4 43. bxa4 bxa4 44. Rd1 a3 45. c3 Ra8 46. Be4+ Kg7 47. Bc2 Be3
48. Kf3 a2 49. Ra1 Bc1 50. Bb3 Ra3 51. Bxa2 Bb2 52. Re1 Rxa2 53. Re2 Kf6 54. Rh2
Kg6 55. Re2 Kg7 56. Kg3 Kg6 57. Kf3 Kf6 58. Rh2 Kg7 59. Re2 Ra3 60. Rxb2 Rxc3+
61. Ke4 Rc4+ 62. Kf5 Rd4 63. Rb5 Rd1 64. Ra5 Rd2 65. Rb5 Rd4 66. Ra5 Rc4 67. Ra2
Rd4 68. Ra5 Rc4 69. Ra2 c6 70. dxc6 Rxc6 71. Rd2 Ra6 72. Rd4 Ra5+ 73. Ke4 Ra6
74. Kf5 Rb6 75. Rd5 Rc6 76. Rd4 Rc5+ 77. Ke4 Rc6 78. Kf5 Rb6 79. Rd5 Ra6 80. Rd4 1/2-1/2

[Event "Online Olym Top DivB 2021"]
[Site "chess.com INT"]
[Date "2021.09.10"]
[Round "7.1"]
[Board "1"]
[White "Anand, Viswanathan"]
[Black "Erdos, Viktor"]
[Result "1-0"]
[WhiteTitle "GM"]
[BlackTitle "GM"]
[WhiteElo "2753"]
[BlackElo "2622"]
[WhiteTeam "India"]
[BlackTeam "Hungary"]
[WhiteFideId "5000017"]
[BlackFideId "719978"]
[EventDate "2021.09.08"]
[EventType "team"]

1. e4 e5 2. Nf3 Nc6 3. Bb5 a6 4. Ba4 Nf6 5. O-O b5 6. Bb3 Bc5 7. a4 Rb8 8. d3
O-O 9. axb5 axb5 10. Nc3 d6 11. h3 h6 12. Nd5 Nxd5 13. Bxd5 Ne7 14. Bb3 Ng6 15.
c3 Qf6 16. d4 Bb6 17. Be3 Bb7 18. Bc2 Rfe8 19. Re1 Nf4 20. Kh2 exd4 21. Bxd4
Bxd4 22. Nxd4 d5 23. Qf3 Qe5 24. g3 Ne6 25. Nxe6 Rxe6 26. exd5 Qxd5 27. Qxd5
Bxd5 28. Rxe6 Bxe6 29. Be4 c5 30. Ra5 g6 31. h4 Kg7 32. Kg2 Bc4 33. Kf3 Rb6 34.
g4 Rf6+ 35. Kg3 Rb6 36. f3 Be6 37. g5 hxg5 38. hxg5 c4 39. Ra7 b4 40. Rb7 Rxb7
41. Bxb7 bxc3 42. bxc3 f6 43. f4 Bf5 44. Bd5 Bd3 45. Kf2 fxg5 46. fxg5 Kf8 47.
Ke3 Ke7 48. Kd4 Bf1 49. Bxc4 Bxc4 50. Kxc4 Ke6 51. Kb5 Kf5 52. c4 Kxg5 53. c5 1-0

[Event "Online Olym Top DivB 2021"]
[Site "chess.com INT"]
[Date "2021.09.10"]
[Round "7.1"]
[Board "2"]
[White "Balog, Imre"]
[Black "Harikrishna, Pentala"]
[Result "1-0"]
[WhiteTitle "GM"]
[BlackTitle "GM"]
[WhiteElo "2578"]
[BlackElo "2725"]
[WhiteTeam "Hungary"]
[BlackTeam "India"]
[WhiteFideId "728446"]
[BlackFideId "5007003"]
[EventDate "2021.09.08"]
[EventType "team"]

1. d4 Nf6 2. c4 e6 3. Nf3 d5 4. g3 dxc4 5. Qa4+ Bd7 6. Qxc4 c5 7. dxc5 Bc6 8.
Nc3 Nbd7 9. Be3 Rc8 10. Bg2 Bxc5 11. Bxc5 Bxf3 12. Bxf3 Rxc5 13. Qb4 b6 14. Na4
Rc7 15. Qd6 Nb8 16. Qf4 O-O 17. O-O b5 18. Nc3 a6 19. Rfd1 Qe7 20. a3 h6 21. Qd6
Qxd6 22. Rxd6 Rfc8 23. Rd4 Nc6 24. Bxc6 Rxc6 25. Rad1 Kf8 26. e4 e5 27. R4d3 Rc4
28. f3 b4 29. axb4 Rxb4 30. R1d2 Rcb8 31. Nd1 Rb3 32. Kf2 Rxd3 33. Rxd3 Ke7 34.
Rd2 h5 35. Ne3 g6 36. Nc4 Rb5 37. h4 Nd7 38. Nd6 Rc5 39. Nxf7 Nb6 40. Ng5 Nc4
41. Rc2 Kd6 42. Nf7+ Ke7 43. Nh8 Kf6 44. b3 Rc8 45. Rxc4 Rxh8 46. Rc6+ Kf7 47.
Rxa6 Rb8 48. Ra3 Kf6 49. Ke3 Rb6 50. Kd3 g5 51. Kc4 Rc6+ 52. Kd5 Rc3 53. Ra6+
Kg7 54. b4 Rxf3 55. hxg5 Rxg3 56. b5 h4 57. Rh6 Rb3 58. Kc4 Rh3 59. b6 Rh1 60.
Kd5 h3 61. b7 Rb1 62. Kc6 Rb3 63. Rxh3 Rxh3 64. b8=Q 1-0